Detalles MARC
| 000 -Cabecera |
| Campo de control de longitud fija |
01368nam a22005057a 4500 |
| 005 - Fecha y hora de la última transacción |
| Campo de control |
20250610170619.0 |
| 008 - Elementos de longitud fija--Información general |
| Campo de control de longitud fija |
181130b2017 xxu||||| |||| 00| 0 spa d |
| 020 ## - International Standard Book Number |
| Número Internacional Estándar del Libro (ISBN) |
9786076227749 |
| 041 ## - Idioma |
| Código de idioma |
|
| 082 ## - Clasificación Decimal Dewey |
| Número de clasificación |
658.404 AG284e2 |
| 100 ## - Entrada principal--Autor personal |
| Nombre personal |
Aguirre González, Juan Antonio |
| 9 (RLIN) |
47356 |
| 245 ## - Título propiamente dicho |
| Título |
Emprendeduría práctica para hacer negocios |
| 250 ## - Edición |
| Mención de edición |
2 edición |
| 260 ## - Pie de imprenta |
| Lugar de publicación, distribución, etc. |
México |
| 260 ## - Pie de imprenta |
| Nombre del editor, distribuidor, etc. |
Alfaomega |
| 260 ## - Pie de imprenta |
| Fecha de publicación, distribución, etc. |
2017 |
| 300 ## - Descripción física |
| Extensión |
289 páginas |
| 490 ## - Serie |
| Título de la Serie |
Dirección y Administración de Empresas |
| 650 ## - Materia general |
| Temática (materia general) |
GERENCIA DE PROYECTOS |
| 650 ## - Materia general |
| Temática (materia general) |
EMPRENDEDURÍA |
| 650 ## - Materia general |
| Temática (materia general) |
EMPRENDEDOR |
| 650 ## - Materia general |
| Temática (materia general) |
EMPRESARIALIDAD EN COSTA RICA |
| 650 ## - Materia general |
| Temática (materia general) |
MOTIVACIÓN |
| 650 ## - Materia general |
| Temática (materia general) |
PLAN DE VIDA |
| 650 ## - Materia general |
| Temática (materia general) |
DESARROLLO DE PRODUCTO |
| 650 ## - Materia general |
| Temática (materia general) |
INNOVACIÓN |
| 650 ## - Materia general |
| Temática (materia general) |
CREATIVIDAD |
| 650 ## - Materia general |
| Temática (materia general) |
INVESTIGACIÓN DE MERCADOS |
| 650 ## - Materia general |
| Temática (materia general) |
METODOLOGÍA DE INVESTIGACIÓN |
| 650 ## - Materia general |
| Temática (materia general) |
LEGALIDAD |
| 650 ## - Materia general |
| Temática (materia general) |
RECURSOS HUMANOS |
| 650 ## - Materia general |
| Temática (materia general) |
MANEJO DE RIESGOS |
| 650 ## - Materia general |
| Temática (materia general) |
RESPONSABILIDAD SOCIAL EMPRESARIAL |
| 650 ## - Materia general |
| Temática (materia general) |
COSTOS |
| 650 ## - Materia general |
| Temática (materia general) |
ANÁLISIS FINANCIERO |
| 650 ## - Materia general |
| Temática (materia general) |
RENTABILIDAD |
| 650 ## - Materia general |
| Temática (materia general) |
FLUJO DE CAJA |
| 650 ## - Materia general |
| Temática (materia general) |
PRÉSTAMOS |
| 650 ## - Materia general |
| Temática (materia general) |
AMORTIZACIONES |
| 650 ## - Materia general |
| Temática (materia general) |
PLAN DE TRABAJO |
| 650 ## - Materia general |
| Temática (materia general) |
CRONOGRAMA |
| 650 ## - Materia general |
| Temática (materia general) |
PRESUPUESTO |
| 650 ## - Materia general |
| Temática (materia general) |
PLAN DE NEGOCIO |
| 942 ## - Punto de acceso adicional KOHA |
| Tipo de ítem KOHA |
Libro |
| Fuente del sistema de clasificación o colocación |
Dewey Decimal Classification |